书目信息 |
| 题名: |
经济动员准备
|
|
| 作者: | 克莱姆 著 ;库桂生 , 张炳顺 译 | |
| 分册: | ||
| 出版信息: | 北京 北京理工大学出版社 2007.04 |
|
| 页数: | 142页 | |
| 开本: | 23cm | |
| 丛书名: | 国民经济动员研究书系 | |
| 单 册: | ||
| 中图分类: | E0-054 | |
| 科图分类: | ||
| 主题词: | 国防经济学--guo fang jing ji xue | |
| 电子资源: | ||
| ISBN: | 978-7-5640-0932-8 | |
| 000 | 01276nam 2200313 450 | |
| 001 | 012008528213 | |
| 005 | 20080424172310.71 | |
| 010 | @a978-7-5640-0932-8@dCNY20.00 | |
| 100 | @a20080424d2007 em y0chiy0120 ea | |
| 101 | 0 | @achi |
| 102 | @aCN@b110000 | |
| 105 | @ay z 001yy | |
| 106 | @ar | |
| 200 | 1 | @a经济动员准备@Ajing ji dong yuan zhun bei@d= Mobilization preparedness@f(美) 哈诺德.J.克莱姆著@F(mei)ha nuo de.J.ke lai mu zhu@fHarold H.Clem@g库桂生, 张炳顺译@Gku gui sheng,zhang bing shun yi@zeng |
| 210 | @a北京@c北京理工大学出版社@d2007.04 | |
| 215 | @a142页@d23cm | |
| 225 | 2 | @a国民经济动员研究书系@Aguo min jing ji dong yuan yan jiu shu xi |
| 300 | @a“十一五”国家重点图书出版规划项目 | |
| 320 | @a有索引 | |
| 330 | @a本书在批判“经济动员准备无用论”的基础上,简明扼要地总结了美国自第一次世界大战以来,其中包括朝鲜、越南等局部战争及和平时期经济动员准备的历史经验和教训。 | |
| 410 | 0 | @12001 @a国民经济动员研究书系 |
| 500 | 10 | @aMobilization preparedness@mChinese |
| 606 | 0 | @a国防经济学@Aguo fang jing ji xue |
| 690 | @aE0-054@v4 | |
| 701 | 1 | @a克莱姆@Ake lai mu@g(Clem, Harold H.)@4著 |
| 702 | 0 | @a库桂生@Aku gui sheng@4译 |
| 702 | 0 | @a张炳顺@Azhang bing shun@4译 |
| 801 | 0 | @aCN@bQSSK@c20080424 |
| 905 | @b297580-82@dE0-054@eK634@f3 | |
| 经济动员准备= Mobilization preparedness/(美) 哈诺德.J.克莱姆著/Harold H.Clem/库桂生, 张炳顺译.-北京:北京理工大学出版社,2007.04 |
| 142页;23cm.-(国民经济动员研究书系) |
| “十一五”国家重点图书出版规划项目 |
| ISBN 978-7-5640-0932-8:CNY20.00 |
| 本书在批判“经济动员准备无用论”的基础上,简明扼要地总结了美国自第一次世界大战以来,其中包括朝鲜、越南等局部战争及和平时期经济动员准备的历史经验和教训。 |
| ● |
| 相关链接 |
|
|
|
正题名:经济动员准备
索取号:E0-054/K634
 
预约/预借
| 序号 | 登录号 | 条形码 | 馆藏地/架位号 | 状态 | 备注 |
| 1 | 297580 | 202975806 | 社科库509/509社科库 113排1列1层/ [索取号:E0-054/K634] | 在馆 | |
| 2 | 297581 | 202975815 | 社科库509/509社科库 113排1列1层/ [索取号:E0-054/K634] | 在馆 | |
| 3 | 297582 | 202975824 | 社科库509/509社科库 113排1列1层/ [索取号:E0-054/K634] | 在馆 |